| 000 | 00855nam a2200265 a 4500 | ||
|---|---|---|---|
| 001 | BRL_1443 | ||
| 005 | 20190320211217.0 | ||
| 008 | 150114s1983----cn-ao#####---#001-0#eng-# | ||
| 020 | _a0774801662 | ||
| 041 | _aeng | ||
| 044 | _acn | ||
| 050 | 4 |
_aGN419.5 _b.P69 1983 |
|
| 245 | 1 | 0 |
_aThe power of symbols _bmasks and masquerade in the Americas _ceditado por N. Ross Crumrine & Marjorie Halpin. |
| 260 |
_aVancouver _bUniversity of British Columbia _c1983 |
||
| 300 |
_a244 p. _bil. _c24 cm |
||
| 500 | _aAu1786 | ||
| 500 | _aIncluye dedicatoria a Ruth Lechuga | ||
| 504 | _aBibliografía: p. [227]-244. | ||
| 650 | 1 | 4 |
_aMáscaras _vCongresos _zAmérica _926936 |
| 650 | 1 | 4 |
_aIndígenas _vCongresos _xRitos y ceremonias _926937 |
| 700 | 1 |
_aCrumrine, N. Ross. _926938 |
|
| 700 | 1 |
_aHalpin, Marjorie M. _d1937- _926939 |
|
| 902 | _aGRL | ||
| 942 |
_2lcc _cB |
||
| 999 |
_c10253 _d10253 |
||